El apocalipsis de San Lenín

Saved in:
Bibliografiske detaljer
Hovedforfatter: Capdevila, Arturo (Author)
Format: Bog
Sprog:spansk
Udgivet: Buenos Aires Cabaut 1921
Fag:
Tags: Tilføj Tag
Ingen Tags, Vær først til at tagge denne postø!

MARC

LEADER 00000nam a2200000 a 4500
001 UCH2677
003 CL-VaPUC
008 090624e19210000AG |||||||||||||||||spa|d
082 0 4 |a Ar863  |b CAP  |2 21 
100 0 |a Capdevila, Arturo  |e author  |9 537669 
245 1 3 |a El apocalipsis de San Lenín 
300 |a 239 p 
942 |c BK 
945 |d 20090624 00:00:00  |a rbrito 
260 |a Buenos Aires  |b Cabaut  |c 1921 
650 7 |a PROSA ARGENTINA  |2 CL-VaPUC  |9 320595 
583 |a last modification  |c 20090624 00:00:00  |k Rodrigo Vera 
999 |c 334393  |d 334391 
952 |0 0  |1 0  |4 0  |6 AR_863_000000000000000_CAP_1921  |7 0  |8 X  |9 423384  |a FDOBUD  |b FDOBUD  |d 2019-11-22  |i 4558316  |o Ar863 CAP 1921  |p 4558316  |r 2019-11-22  |w 2019-11-22  |y BK_X  |k BUD